[Event "2016 Redpath Mining Millionaire Chess Open"]
[Site "Venue: Old Ed’s Sports Complex, Houghton, Johannesburg"]
[Date "2016.07.16"]
[Round "7"]
[Board "14"]
[White "Musekiwa, Michael"]
[Black "Basson, Petrus"]
[Result "1/2-1/2"]
[WhiteElo "1880"]
[BlackElo "1679"]
[PlyCount "0"]
[EventDate "2016.07.13"]
[EventRounds "9"]
[EventCountry "RSA"]

1. e4 {[%clk 1:24:32]} c5 {[%clk 1:30:50]} 2. Nf3 {[%clk 1:22:07]} d6
{[%clk 1:30:41]} 3. d4 {[%clk 1:22:08]} cxd4 {[%clk 1:31:05]} 4. Nxd4
{[%clk 1:22:36]} Nf6 {[%clk 1:31:24]} 5. Nc3 {[%clk 1:23:00]} a6 {[%clk 1:31:20]}
6. Bc4 {[%clk 1:23:12]} e6 {[%clk 1:31:14]} 7. O-O {[%clk 1:23:36]} Be7
{[%clk 1:31:27]} 8. h3 {[%clk 1:23:35]} O-O {[%clk 1:31:34]} 9. Re1
{[%clk 1:23:54]} Qc7 {[%clk 1:31:13]} 10. Bb3 {[%clk 1:24:17]} b5
{[%clk 1:30:13]} 11. a3 {[%clk 1:24:36]} Bb7 {[%clk 1:30:07]} 12. Qd3
{[%clk 1:24:36]} Nc6 {[%clk 1:21:16]} 13. Nf3 {[%clk 1:24:35]} Rac8
{[%clk 1:14:38]} 14. Bf4 {[%clk 1:24:29]} b4 {[%clk 1:07:22]} 15. axb4
{[%clk 1:24:00]} Nxb4 {[%clk 1:07:46]} 16. Qe2 {[%clk 1:24:26]} Rfd8
{[%clk 0:57:05]} 17. e5 {[%clk 1:23:20]} Nfd5 {[%clk 0:56:27]} 18. Nxd5
{[%clk 1:22:51]} Nxd5 {[%clk 0:54:22]} 19. Bg3 {[%clk 1:22:11]} dxe5
{[%clk 0:51:45]} 20. Nxe5 {[%clk 1:21:55]} Bd6 {[%clk 0:51:27]} 21. Qg4
{[%clk 1:21:16]} Nf6 {[%clk 0:50:41]} 22. Qh4 {[%clk 1:21:26]} Re8
{[%clk 0:44:17]} 23. Ra4 {[%clk 1:20:53]} Nd7 {[%clk 0:42:17]} 24. Nxd7
{[%clk 1:20:21]} Qxd7 {[%clk 0:40:55]} 25. Qd4 {[%clk 1:20:17]} Qc6
{[%clk 0:40:37]} 26. Re4 {[%clk 1:18:59]} Bxg3 {[%clk 0:38:55]} 27. fxg3
{[%clk 1:19:13]} Qxe4 {[%clk 0:38:28]} 28. Qxe4 {[%clk 1:19:40]} Bxe4
{[%clk 0:38:49]} 29. Rxe4 {[%clk 1:19:57]} g6 {[%clk 0:37:01]} 30. Bc4
{[%clk 1:20:05]} a5 {[%clk 0:36:52]} 31. b3 {[%clk 1:20:32]} Rc5 {[%clk 0:36:38]}
32. Kf2 {[%clk 1:20:35]} Rec8 {[%clk 0:36:38]} 33. Bd3 {[%clk 1:20:35]} Kf8
{[%clk 0:28:33]} 34. Ke3 {[%clk 1:19:45]} Rxc2 {[%clk 0:27:34]} 35. Bxc2
{[%clk 1:19:52]} Rxc2 {[%clk 0:28:03]} 36. Ra4 {[%clk 1:19:42]} Rxg2
{[%clk 0:26:38]} 37. Kf3 {[%clk 1:19:41]} Rc2 {[%clk 0:26:39]} 38. Rxa5
{[%clk 1:19:44]} Rc3+ {[%clk 0:27:01]} 39. Kg4 {[%clk 1:20:06]} Rxb3
{[%clk 0:27:05]} 40. h4 {[%clk 1:20:23]} h5+ {[%clk 0:26:34]} 41. Kf4
{[%clk 1:20:47]} Kg7 {[%clk 0:26:43]} 42. Rc5 {[%clk 1:20:54]} Rb1
{[%clk 0:24:51]} 43. Kf3 {[%clk 1:20:18]} Rb4 {[%clk 0:24:28]} 44. Ra5
{[%clk 1:20:37]} f5 {[%clk 0:24:36]} 45. Ra6 {[%clk 1:20:52]} Kf6
{[%clk 0:24:48]} 46. Rc6 {[%clk 1:21:16]} Re4 {[%clk 0:24:11]} 47. Ra6
{[%clk 1:21:34]} g5 {[%clk 0:24:27]} 48. hxg5+ {[%clk 1:21:54]} Kxg5
{[%clk 0:24:49]} 49. Ra8 {[%clk 1:22:10]} Kf6 {[%clk 0:17:59]} 50. Rf8+
{[%clk 1:21:41]} Kg7 {[%clk 0:17:54]} 51. Re8 {[%clk 1:22:09]} Re1
{[%clk 0:16:58]} 52. Kf2 {[%clk 1:22:14]} Re4 {[%clk 0:16:23]} 53. Kf3
{[%clk 1:22:43]} e5 {[%clk 0:13:07]} 54. Re6 {[%clk 1:22:57]} h4 {[%clk 0:11:57]}
55. gxh4 {[%clk 1:23:01]} Rxh4 {[%clk 0:12:18]} 56. Rxe5 {[%clk 1:23:21]} Kf6
{[%clk 0:12:27]} 57. Ra5 {[%clk 1:23:40]} Rh3+ {[%clk 0:12:34]} 58. Kf4
{[%clk 1:23:58]} Rh4+ {[%clk 0:12:33]} 59. Kg3 {[%clk 1:24:26]} Re4
{[%clk 0:12:33]} 60. Ra8 {[%clk 1:24:50]} 1/2-1/2

[Event "2016 Redpath Mining Millionaire Chess Open"]
[Site "Venue: Old Ed’s Sports Complex, Houghton, Johannesburg"]
[Date "2016.07.16"]
[Round "7"]
[Board "15"]
[White "Menyuku, Boitumelo Oscar"]
[Black "Grobbelaar, Jacqui"]
[Result "0-1"]
[WhiteElo "1785"]
[BlackElo "1550"]
[PlyCount "0"]
[EventDate "2016.07.13"]
[EventRounds "9"]
[EventCountry "RSA"]

1. d4 d5 2. c4 c6 3. Nc3 Nf6 4. Nf3 e6 5. e3 Nbd7 6. Bd3 Qc7 7. O-O dxc4 8. Bxc4
Bd6 9. e4 e5 10. Ng5 exd4 11. Nxf7 Bxh2+ 12. Kh1 dxc3 13. Nxh8 b5 14. Bf7+ Ke7
15. g3 Bxg3 16. fxg3 Qxg3 17. Bf4 Qh4+ 18. Kg2 Nxe4 19. Qh5 Qxh5 20. Bxh5 Ndf6
21. Rae1 Bf5 22. Bg5 g6 23. bxc3 Rxh8 24. Bxf6+ Kxf6 25. Rxe4 gxh5 26. Ref4 Rg8+
27. Kh2 Rg5 28. Rg1 Rxg1 29. Kxg1 Ke5 30. Rd4 c5 31. Rd8 a5 32. Rb8 b4 33. cxb4
axb4 34. a4 bxa3 35. Ra8 c4 36. Rxa3 Kd4 37. Kf1 c3 38. Ke2 c2 39. Kd2 Ke5 40.
Rc3 h4 41. Ke1 Kd4 42. Rc7 Ke3 43. Rc3+ Bd3 44. Rc7 h3 45. Re7+ Be4 0-1

[Event "2016 Redpath Mining Millionaire Chess Open"]
[Site "Venue: Old Ed’s Sports Complex, Houghton, Johannesburg"]
[Date "2016.07.16"]
[Round "7"]
[Board "16"]
[White "Oberholzer, Marni"]
[Black "Molebatsi, Teboho"]
[Result "1/2-1/2"]
[WhiteElo "1643"]
[BlackElo "1734"]
[PlyCount "0"]
[EventDate "2016.07.13"]
[EventRounds "9"]
[EventCountry "RSA"]

1. d4 {[%clk 1:30:47]} Nf6 {[%clk 1:27:18]} 2. c4 {[%clk 1:30:38]} e6
{[%clk 1:27:41]} 3. Nf3 {[%clk 1:30:19]} Bb4+ {[%clk 1:27:26]} 4. Bd2
{[%clk 1:29:34]} Qe7 {[%clk 1:26:39]} 5. a3 {[%clk 1:27:45]} Bxd2+
{[%clk 1:26:36]} 6. Nbxd2 {[%clk 1:27:34]} d5 7. e3 {[%clk 1:25:35]} c5
{[%clk 1:26:05]} 8. cxd5 {[%clk 1:19:32]} exd5 {[%clk 1:25:21]} 9. dxc5
{[%clk 1:16:13]} O-O {[%clk 1:24:03]} 10. Bd3 Qxc5 {[%clk 1:23:59]} 11. O-O
{[%clk 1:12:32]} Nc6 {[%clk 1:24:14]} 12. Nb3 {[%clk 1:09:31]} Qe7
{[%clk 1:23:59]} 13. Nbd4 {[%clk 1:06:55]} Bg4 {[%clk 1:16:26]} 14. Qb3
{[%clk 1:01:58]} h6 {[%clk 1:14:22]} 15. Rac1 {[%clk 0:59:32]} Rac8
{[%clk 1:13:02]} 16. h3 {[%clk 0:58:24]} Be6 {[%clk 1:12:23]} 17. Qa4
{[%clk 0:56:45]} Nxd4 {[%clk 1:08:53]} 18. Nxd4 {[%clk 0:56:07]} a6
{[%clk 1:09:05]} 19. Rfd1 {[%clk 0:52:22]} Rfd8 {[%clk 1:02:51]} 20. Qa5
{[%clk 0:48:59]} Nd7 {[%clk 0:54:27]} 21. Nb3 {[%clk 0:38:54]} Ne5
{[%clk 0:53:42]} 22. Rxc8 {[%clk 0:34:23]} Rxc8 {[%clk 0:53:15]} 23. Nd4
{[%clk 0:33:30]} Rc5 {[%clk 0:45:58]} 24. Qd2 {[%clk 0:28:58]} Qf6
{[%clk 0:39:10]} 25. Be2 {[%clk 0:25:19]} Qg6 {[%clk 0:33:59]} 26. Nxe6
{[%clk 0:20:52]} fxe6 {[%clk 0:33:47]} 27. Rc1 {[%clk 0:19:59]} Nc4
{[%clk 0:28:37]} 28. Qd4 {[%clk 0:19:01]} b6 {[%clk 0:22:42]} 29. Bxc4
{[%clk 0:18:09]} Qf6 {[%clk 0:18:46]} 30. b3 {[%clk 0:15:28]} Qxd4
{[%clk 0:14:14]} 31. exd4 {[%clk 0:15:43]} Rc6 {[%clk 0:14:06]} 32. Rc2
{[%clk 0:15:45]} dxc4 {[%clk 0:14:25]} 33. bxc4 {[%clk 0:14:17]} Kf7
{[%clk 0:14:34]} 34. Kf1 {[%clk 0:14:29]} Kf6 {[%clk 0:14:56]} 35. Ke2
{[%clk 0:14:49]} Kf5 {[%clk 0:13:48]} 36. Ke3 {[%clk 0:14:25]} e5
{[%clk 0:11:46]} 37. dxe5 {[%clk 0:13:18]} Kxe5 {[%clk 0:11:56]} 38. f4+
{[%clk 0:13:27]} Ke6 {[%clk 0:09:54]} 39. g4 {[%clk 0:12:36]} g6 {[%clk 0:10:11]}
40. Ke4 {[%clk 0:11:47]} Rc5 {[%clk 0:09:53]} 41. Rc3 {[%clk 0:11:02]} Kf6
{[%clk 0:09:52]} 42. Kd4 {[%clk 0:10:01]} Rc6 {[%clk 0:09:27]} 43. Rb3
{[%clk 0:08:35]} Rd6+ {[%clk 0:09:37]} 44. Ke4 {[%clk 0:08:35]} Rc6
{[%clk 0:08:10]} 45. Kd5 {[%clk 0:08:05]} Rc5+ {[%clk 0:07:56]} 46. Kd4
{[%clk 0:07:48]} Rc6 {[%clk 0:08:17]} 1/2-1/2

[Event "2016 Redpath Mining Millionaire Chess Open"]
[Site "Venue: Old Ed’s Sports Complex, Houghton, Johannesburg"]
[Date "2016.07.16"]
[Round "7"]
[Board "17"]
[White "Jurgens, John C."]
[Black "Schmidt, Nadia Esmeralda"]
[Result "1-0"]
[WhiteElo "1714"]
[BlackElo "1394"]
[PlyCount "0"]
[EventDate "2016.07.13"]
[EventRounds "9"]
[EventCountry "RSA"]

1. c4 {[%clk 1:30:52]} g6 {[%clk 1:30:46]} 2. Nc3 {[%clk 1:31:16]} Bg7
{[%clk 1:31:03]} 3. e4 {[%clk 1:31:32]} d6 {[%clk 1:31:13]} 4. d4
{[%clk 1:31:52]} Nd7 {[%clk 1:31:20]} 5. Nf3 {[%clk 1:32:07]} e5 {[%clk 1:31:17]}
6. Bg5 {[%clk 1:32:25]} Ngf6 {[%clk 1:29:16]} 7. dxe5 {[%clk 1:30:20]} dxe5
{[%clk 1:28:41]} 8. Be2 {[%clk 1:26:34]} h6 {[%clk 1:26:08]} 9. Bh4
{[%clk 1:25:22]} O-O {[%clk 1:22:34]} 10. Qc2 {[%clk 1:25:05]} c6
{[%clk 1:21:58]} 11. O-O-O {[%clk 1:24:03]} Qc7 {[%clk 1:20:46]} 12. h3
{[%clk 1:20:16]} a5 {[%clk 1:17:46]} 13. g4 {[%clk 1:19:38]} Nh7 {[%clk 1:13:48]}
14. Be7 {[%clk 1:15:18]} Re8 {[%clk 1:13:12]} 15. Bd6 {[%clk 1:15:40]} Qb6
{[%clk 1:08:41]} 16. Rhf1 {[%clk 1:11:30]} Bf8 {[%clk 1:06:44]} 17. Na4
{[%clk 1:08:52]} Qa7 {[%clk 1:05:50]} 18. c5 {[%clk 1:04:15]} Bg7
{[%clk 0:56:17]} 19. Qb3 {[%clk 0:57:03]} Re6 {[%clk 0:49:54]} 20. Nb6
{[%clk 0:53:17]} a4 {[%clk 0:46:33]} 21. Qb4 {[%clk 0:51:59]} Nxb6
{[%clk 0:45:39]} 22. cxb6 {[%clk 0:51:52]} Qa5 {[%clk 0:45:14]} 23. Bc4
{[%clk 0:49:12]} Qxb4 {[%clk 0:44:06]} 24. Bxb4 {[%clk 0:49:33]} Re8
{[%clk 0:43:24]} 25. Nh4 {[%clk 0:43:08]} g5 {[%clk 0:40:43]} 26. Nf5
{[%clk 0:34:39]} Bxf5 {[%clk 0:38:58]} 27. gxf5 {[%clk 0:34:51]} Rad8
{[%clk 0:38:10]} 28. Rxd8 {[%clk 0:34:39]} Rxd8 {[%clk 0:38:24]} 29. Rd1
{[%clk 0:35:02]} Rxd1+ {[%clk 0:38:09]} 30. Kxd1 {[%clk 0:35:26]} Bf8
{[%clk 0:37:24]} 31. Bxf8 {[%clk 0:34:33]} Kxf8 {[%clk 0:37:05]} 32. Bd3
{[%clk 0:32:30]} Nf6 {[%clk 0:35:22]} 33. Bc2 {[%clk 0:32:29]} a3
{[%clk 0:34:56]} 34. bxa3 {[%clk 0:32:52]} Nd7 {[%clk 0:35:09]} 35. Kd2
{[%clk 0:32:17]} Nxb6 {[%clk 0:35:01]} 36. Kc3 {[%clk 0:32:15]} c5
{[%clk 0:32:34]} 37. a4 {[%clk 0:32:19]} Ke7 {[%clk 0:30:25]} 38. a5
{[%clk 0:32:10]} Nd7 {[%clk 0:29:57]} 39. Bb3 {[%clk 0:32:08]} f6
{[%clk 0:27:14]} 40. Bd5 {[%clk 0:32:08]} Kd6 {[%clk 0:25:47]} 41. Bxb7
{[%clk 0:32:23]} Kc7 {[%clk 0:25:21]} 42. Bd5 {[%clk 0:32:24]} Nb8
{[%clk 0:23:11]} 43. Kc4 {[%clk 0:27:24]} Na6 {[%clk 0:21:54]} 44. Kb5
{[%clk 0:26:12]} Nb4 {[%clk 0:20:55]} 45. Kxc5 {[%clk 0:26:26]} Nd3+
{[%clk 0:17:17]} 46. Kb5 {[%clk 0:26:46]} Nxf2 {[%clk 0:17:24]} 47. a6
{[%clk 0:27:03]} Kb8 {[%clk 0:17:04]} 48. Kb6 {[%clk 0:27:22]} Nxh3
{[%clk 0:17:15]} 49. a7+ {[%clk 0:27:42]} Kc8 {[%clk 0:17:34]} 50. a8=Q+
{[%clk 0:27:57]} Kd7 {[%clk 0:17:57]} 51. Bc6+ {[%clk 0:27:01]} Ke7
{[%clk 0:18:15]} 52. Qe8+ {[%clk 0:27:06]} Kd6 {[%clk 0:18:39]} 53. Qe6#
{[%clk 0:27:12]} 1-0

[Event "2016 Redpath Mining Millionaire Chess Open"]
[Site "Venue: Old Ed’s Sports Complex, Houghton, Johannesburg"]
[Date "2016.07.16"]
[Round "7"]
[Board "18"]
[White "Waters, Anre"]
[Black "Dykema, Dirkho"]
[Result "1/2-1/2"]
[WhiteElo "1537"]
[BlackElo "1425"]
[PlyCount "0"]
[EventDate "2016.07.13"]
[EventRounds "9"]
[EventCountry "RSA"]

1. d4 {[%clk 1:30:45]} Nf6 {[%clk 1:30:57]} 2. c4 {[%clk 1:31:04]} g6
{[%clk 1:31:23]} 3. Nc3 {[%clk 1:31:21]} Bg7 {[%clk 1:31:48]} 4. Nf3
{[%clk 1:31:38]} O-O {[%clk 1:30:47]} 5. Bf4 {[%clk 1:31:28]} d6 {[%clk 1:29:52]}
6. e3 {[%clk 1:31:36]} Nbd7 {[%clk 1:29:05]} 7. Be2 {[%clk 1:31:44]} a6
{[%clk 1:29:08]} 8. h3 {[%clk 1:31:44]} Qe8 {[%clk 1:29:33]} 9. O-O
{[%clk 1:30:15]} e5 {[%clk 1:29:37]} 10. Bh2 {[%clk 1:30:19]} h5 {[%clk 1:29:50]}
11. Re1 {[%clk 1:26:23]} Nh7 {[%clk 1:30:03]} 12. Rc1 {[%clk 1:23:10]} f5
{[%clk 1:30:07]} 13. b4 {[%clk 1:23:18]} g5 {[%clk 1:27:06]} 14. dxe5
{[%clk 1:07:20]} dxe5 {[%clk 1:27:27]} 15. e4 {[%clk 1:07:13]} f4
{[%clk 1:25:48]} 16. Nd2 {[%clk 1:06:14]} Ndf6 {[%clk 1:26:04]} 17. Nd5
{[%clk 1:05:46]} Qf7 {[%clk 1:09:40]} 18. Nf3 {[%clk 0:55:49]} Ne8
{[%clk 1:01:51]} 19. Nd2 {[%clk 0:46:21]} Nef6 {[%clk 1:01:10]} 20. Nb1
{[%clk 0:45:57]} Kh8 {[%clk 0:59:31]} 21. Nbc3 {[%clk 0:45:58]} Rg8
{[%clk 0:59:25]} 22. Nxf6 {[%clk 0:45:27]} Nxf6 {[%clk 0:59:17]} 23. Nd5
{[%clk 0:45:23]} g4 {[%clk 0:53:01]} 24. Nxf6 {[%clk 0:25:09]} Bxf6 25. Kf1 g3
26. Bg1 Bg5 27. f3 1/2-1/2

[Event "2016 Redpath Mining Millionaire Chess Open"]
[Site "Venue: Old Ed’s Sports Complex, Houghton, Johannesburg"]
[Date "2016.07.16"]
[Round "7"]
[Board "20"]
[White "Beukman, Eduan"]
[Black "Odendaal, Ruben Lourens"]
[Result "1-0"]
[WhiteElo "1485"]
[BlackElo "1300"]
[PlyCount "0"]
[EventDate "2016.07.13"]
[EventRounds "9"]
[EventCountry "RSA"]

1. d4 {[%clk 1:30:58]} e6 {[%clk 1:30:37]} 2. Bf4 {[%clk 1:31:16]} Nf6
{[%clk 1:30:45]} 3. e3 {[%clk 1:30:17]} d5 {[%clk 1:30:32]} 4. c4
{[%clk 1:30:36]} Be7 {[%clk 1:30:51]} 5. Nf3 {[%clk 1:30:59]} O-O
{[%clk 1:31:06]} 6. Nc3 {[%clk 1:31:21]} b6 {[%clk 1:31:02]} 7. Bd3
{[%clk 1:31:11]} Bb7 {[%clk 1:31:16]} 8. O-O {[%clk 1:31:24]} c5 {[%clk 1:31:07]}
9. Rc1 {[%clk 1:30:25]} Nc6 {[%clk 1:30:03]} 10. b3 {[%clk 1:28:05]} Qd7
{[%clk 1:29:14]} 11. Bb1 {[%clk 1:28:12]} Rfd8 {[%clk 1:28:53]} 12. Ne5
{[%clk 1:25:34]} Qe8 {[%clk 1:25:22]} 13. Nb5 {[%clk 1:25:12]} Rdc8
{[%clk 1:23:26]} 14. Ng4 {[%clk 1:16:32]} Qd8 {[%clk 1:19:53]} 15. Nxf6+
{[%clk 1:16:37]} Bxf6 {[%clk 1:20:05]} 16. cxd5 {[%clk 1:16:24]} Qxd5
{[%clk 1:20:25]} 17. Nc7 {[%clk 1:16:31]} Rxc7 {[%clk 1:20:44]} 18. Bxc7
{[%clk 1:16:57]} Nxd4 {[%clk 1:20:24]} 19. f3 {[%clk 1:09:51]} Nb5
{[%clk 1:16:59]} 20. Bg3 {[%clk 0:59:16]} Rd8 {[%clk 1:14:15]} 21. Qxd5
{[%clk 0:58:56]} Rxd5 {[%clk 1:12:59]} 22. Be4 {[%clk 0:58:18]} Rd7
{[%clk 1:12:59]} 23. Bxb7 {[%clk 0:57:38]} Rxb7 {[%clk 1:13:28]} 24. Rfd1
{[%clk 0:54:22]} h6 {[%clk 1:13:26]} 25. Be1 {[%clk 0:51:25]} Bg5
{[%clk 1:12:47]} 26. f4 {[%clk 0:51:18]} Bf6 {[%clk 1:12:59]} 27. a4
{[%clk 0:50:53]} Nc7 {[%clk 1:12:58]} 28. Rd7 {[%clk 0:51:00]} Bb2
{[%clk 1:11:42]} 29. Rcd1 {[%clk 0:51:05]} Ba3 {[%clk 1:12:02]} 30. Rd8+
{[%clk 0:50:13]} Kh7 {[%clk 1:12:00]} 31. R1d7 {[%clk 0:50:20]} Bc1
{[%clk 1:07:54]} 32. Bf2 {[%clk 0:50:17]} e5 {[%clk 1:07:40]} 33. Rc8
{[%clk 0:49:07]} exf4 {[%clk 1:08:00]} 34. Rdxc7 {[%clk 0:48:43]} Rxc7
{[%clk 1:08:22]} 35. Rxc7 {[%clk 0:49:10]} fxe3 {[%clk 1:08:41]} 36. Be1
{[%clk 0:49:10]} Bd2 {[%clk 1:08:36]} 37. Bxd2 {[%clk 0:49:23]} exd2
{[%clk 1:08:48]} 38. Rd7 {[%clk 0:49:48]} c4 {[%clk 1:08:34]} 39. bxc4
{[%clk 0:49:59]} a5 {[%clk 1:08:40]} 40. Rxd2 {[%clk 0:50:40]} Kg6
{[%clk 1:08:39]} 41. Rd6+ Kf5 42. Rxb6 {[%clk 0:51:03]} Ke5 {[%clk 1:08:57]} 43.
Rb5+ {[%clk 0:51:10]} Kd4 {[%clk 1:09:07]} 44. c5 {[%clk 0:51:24]} Kd5
{[%clk 1:09:11]} 45. Rxa5 {[%clk 0:51:43]} Kc6 {[%clk 1:09:02]} 46. Ra7
{[%clk 0:52:03]} Kxc5 {[%clk 1:09:24]} 47. Rb7 {[%clk 0:52:15]} Kd5 1-0

[Event "2016 Redpath Mining Millionaire Chess Open"]
[Site "Venue: Old Ed’s Sports Complex, Houghton, Johannesburg"]
[Date "2016.07.16"]
[Round "7"]
[Board "21"]
[White "Claassen, Jean-Daniel"]
[Black "Dykema, Joshua"]
[Result "1/2-1/2"]
[WhiteElo "1436"]
[BlackElo "1472"]
[PlyCount "0"]
[EventDate "2016.07.13"]
[EventRounds "9"]
[EventCountry "RSA"]

1. d4 {[%clk 1:30:11]} Nf6 {[%clk 1:30:23]} 2. Nf3 {[%clk 1:30:04]} g6
{[%clk 1:30:46]} 3. Nc3 {[%clk 1:30:05]} d6 {[%clk 1:29:44]} 4. e4
{[%clk 1:29:51]} Nbd7 {[%clk 1:29:34]} 5. Be3 {[%clk 1:30:07]} Bg7
{[%clk 1:29:24]} 6. Qd2 {[%clk 1:28:59]} b6 {[%clk 1:29:34]} 7. O-O-O
{[%clk 1:28:57]} Bb7 {[%clk 1:27:14]} 8. Bc4 {[%clk 1:26:22]} Nxe4
{[%clk 1:27:27]} 9. Nxe4 {[%clk 1:26:41]} Bxe4 {[%clk 1:27:39]} 10. d5
{[%clk 1:27:03]} Bxf3 {[%clk 1:26:44]} 11. gxf3 {[%clk 1:27:26]} a6
{[%clk 1:12:16]} 12. h4 {[%clk 1:24:30]} Ne5 {[%clk 1:12:27]} 13. Be2
{[%clk 1:16:39]} e6 {[%clk 1:11:18]} 14. Bd4 {[%clk 1:15:25]} h5 {[%clk 1:09:32]}
15. f4 {[%clk 1:14:16]} Bh6 {[%clk 1:08:44]} 16. Kb1 {[%clk 1:10:31]} Rg8
{[%clk 1:04:14]} 17. Rdg1 {[%clk 1:09:57]} exd5 {[%clk 0:46:51]} 18. Bxh5
{[%clk 1:08:00]} c5 {[%clk 0:45:53]} 19. Be3 {[%clk 1:07:18]} d4 {[%clk 0:45:35]}
20. fxe5 {[%clk 1:07:27]} dxe3 {[%clk 0:45:35]} 21. fxe3 {[%clk 1:07:32]} dxe5
{[%clk 0:45:39]} 22. Qg2 {[%clk 1:07:10]} Ke7 {[%clk 0:40:02]} 23. Rd1
{[%clk 1:05:58]} Qc7 {[%clk 0:36:22]} 24. Bf3 {[%clk 1:02:07]} Rad8
{[%clk 0:35:03]} 25. Bd5 {[%clk 0:59:31]} Rd6 {[%clk 0:21:50]} 26. h5
{[%clk 0:59:05]} g5 {[%clk 0:20:32]} 27. Qe4 {[%clk 0:57:37]} Rf6
{[%clk 0:17:37]} 28. Rhf1 {[%clk 0:50:29]} Qd6 {[%clk 0:16:59]} 29. Bxf7
{[%clk 0:47:48]} Rxf1 {[%clk 0:17:07]} 30. Rxf1 {[%clk 0:47:55]} Rf8
{[%clk 0:17:09]} 31. Qg6 {[%clk 0:47:49]} Qxg6 {[%clk 0:17:08]} 32. hxg6
{[%clk 0:48:01]} e4 33. Rh1 {[%clk 0:47:16]} Bg7 {[%clk 0:17:24]} 34. Rh7
{[%clk 0:47:22]} Kf6 {[%clk 0:17:36]} 35. Bd5 {[%clk 0:47:08]} Kxg6
{[%clk 0:17:39]} 36. Bxe4+ {[%clk 0:47:32]} Kf6 {[%clk 0:18:02]} 37. Bd3
{[%clk 0:47:28]} Rh8 {[%clk 0:17:53]} 38. Kc1 {[%clk 0:47:38]} Rxh7
{[%clk 0:18:17]} 39. Bxh7 {[%clk 0:48:04]} Ke5 {[%clk 0:18:30]} 1/2-1/2

[Event "2016 Redpath Mining Millionaire Chess Open"]
[Site "Venue: Old Ed’s Sports Complex, Houghton, Johannesburg"]
[Date "2016.07.16"]
[Round "7"]
[Board "22"]
[White "Oosthuizen, Michal Jacobus"]
[Black "Mostert, Gert"]
[Result "1/2-1/2"]
[WhiteElo "1357"]
[BlackElo "1457"]
[PlyCount "0"]
[EventDate "2016.07.13"]
[EventRounds "9"]
[EventCountry "RSA"]

1. d4 {[%clk 1:30:59]} d5 {[%clk 1:30:42]} 2. Bf4 {[%clk 1:30:55]} Nf6
{[%clk 1:30:25]} 3. e3 {[%clk 1:31:08]} Bf5 {[%clk 1:30:12]} 4. Bd3
{[%clk 1:30:47]} Bxd3 {[%clk 1:29:45]} 5. Qxd3 {[%clk 1:29:14]} c6
{[%clk 1:29:42]} 6. Nd2 {[%clk 1:29:29]} e6 {[%clk 1:29:46]} 7. Ngf3
{[%clk 1:29:53]} Bd6 {[%clk 1:29:05]} 8. Ne5 {[%clk 1:30:06]} Bxe5
{[%clk 1:27:30]} 9. Bxe5 {[%clk 1:30:24]} Nbd7 {[%clk 1:27:11]} 10. Bd6
{[%clk 1:29:58]} Nb6 {[%clk 1:24:10]} 11. Ba3 {[%clk 1:28:57]} Qd7
{[%clk 1:22:57]} 12. Nb3 {[%clk 1:28:12]} Nc4 {[%clk 1:21:35]} 13. Nc5
{[%clk 1:28:29]} Qc7 {[%clk 1:21:30]} 14. Nb3 {[%clk 1:21:54]} Nxa3
{[%clk 1:20:49]} 15. bxa3 O-O {[%clk 1:20:24]} 16. O-O {[%clk 1:22:04]} Qd6
{[%clk 1:19:17]} 17. Nd2 {[%clk 1:22:12]} Ng4 {[%clk 1:18:44]} 18. f4
{[%clk 1:22:36]} f6 {[%clk 1:16:27]} 19. Nf3 {[%clk 1:21:06]} e5 {[%clk 1:15:32]}
20. h3 {[%clk 1:21:06]} e4 {[%clk 1:15:57]} 21. Qb3 {[%clk 1:19:57]} exf3
{[%clk 1:14:55]} 22. hxg4 {[%clk 1:19:31]} fxg2 {[%clk 1:15:00]} 23. Kxg2
{[%clk 1:19:54]} Qd7 {[%clk 1:13:54]} 24. Kg3 {[%clk 1:20:12]} f5
{[%clk 1:12:41]} 25. g5 {[%clk 1:20:12]} b6 {[%clk 1:11:51]} 26. Rh1
{[%clk 1:20:28]} Qe6 {[%clk 1:09:19]} 27. Rh3 {[%clk 1:20:28]} Rae8
{[%clk 1:08:58]} 28. Kf2 g6 {[%clk 1:08:58]} 29. Rah1 {[%clk 1:21:09]} Re7
{[%clk 1:09:13]} 30. c3 {[%clk 1:19:01]} Rfe8 {[%clk 1:07:30]} 31. Qc2
{[%clk 1:19:08]} Qd6 {[%clk 1:07:10]} 32. a4 {[%clk 1:19:23]} Qd7
{[%clk 1:05:43]} 33. R1h2 {[%clk 1:19:28]} Rf7 1/2-1/2

[Event "2016 Redpath Mining Millionaire Chess Open"]
[Site "Venue: Old Ed’s Sports Complex, Houghton, Johannesburg"]
[Date "2016.07.16"]
[Round "7"]
[Board "23"]
[White "Smith, Elani"]
[Black "Shaw, Laurie Ann"]
[Result "1/2-1/2"]
[WhiteElo "1168"]
[BlackElo "1443"]
[PlyCount "0"]
[EventDate "2016.07.13"]
[EventRounds "9"]
[EventCountry "RSA"]

1. e4 {[%clk 1:30:56]} c5 {[%clk 1:30:55]} 2. Nc3 {[%clk 1:31:18]} Nc6
{[%clk 1:31:19]} 3. f4 {[%clk 1:31:38]} g6 {[%clk 1:31:44]} 4. Bb5
{[%clk 1:31:45]} Bg7 {[%clk 1:32:00]} 5. Nf3 {[%clk 1:31:23]} d6 {[%clk 1:30:56]}
6. Bxc6+ {[%clk 1:31:33]} bxc6 {[%clk 1:31:19]} 7. O-O e6 {[%clk 1:31:29]} 8. d3
{[%clk 1:31:21]} Ne7 {[%clk 1:31:49]} 9. Qe1 {[%clk 1:29:48]} O-O
{[%clk 1:27:35]} 10. Be3 {[%clk 1:26:33]} Ba6 {[%clk 1:17:39]} 11. Qf2
{[%clk 1:15:51]} Qc7 {[%clk 1:11:05]} 12. e5 {[%clk 1:13:14]} d5 {[%clk 1:08:59]}
13. Bxc5 {[%clk 1:12:21]} Rfc8 {[%clk 1:06:52]} 14. Nd4 {[%clk 1:00:47]} Nf5
{[%clk 1:01:17]} 15. Nxf5 {[%clk 1:00:01]} exf5 {[%clk 1:01:34]} 16. Rfe1
{[%clk 0:58:04]} Qd7 {[%clk 0:57:45]} 17. Re2 {[%clk 0:55:38]} Qe6
{[%clk 0:56:23]} 18. Bxa7 {[%clk 0:53:55]} Bh6 {[%clk 0:53:57]} 19. g3
{[%clk 0:50:23]} Bf8 {[%clk 0:52:53]} 20. Na4 {[%clk 0:48:30]} Qe8
{[%clk 0:50:15]} 21. Nb6 {[%clk 0:35:28]} Rxa7 {[%clk 0:50:11]} 22. Nxc8
{[%clk 0:35:38]} Qxc8 {[%clk 0:43:14]} 23. Qxa7 {[%clk 0:31:17]} c5
{[%clk 0:42:09]} 24. Kf1 {[%clk 0:27:39]} c4 {[%clk 0:42:00]} 25. Qd4
{[%clk 0:23:22]} cxd3 {[%clk 0:41:38]} 26. cxd3 {[%clk 0:23:15]} Bc5
{[%clk 0:41:16]} 27. Qxd5 {[%clk 0:19:49]} Bb7 {[%clk 0:40:38]} 28. Qc4
{[%clk 0:18:04]} Qc6 {[%clk 0:40:10]} 29. d4 {[%clk 0:10:34]} Qh1+
{[%clk 0:34:44]} 30. Kf2 {[%clk 0:10:45]} Qxa1 {[%clk 0:33:31]} 31. dxc5
{[%clk 0:08:40]} Qh1 {[%clk 0:31:12]} 32. Ke3 {[%clk 0:07:00]} Qf3+
{[%clk 0:30:49]} 33. Kd4 {[%clk 0:06:19]} Qh1 {[%clk 0:30:14]} 34. e6
{[%clk 0:04:58]} Qd1+ {[%clk 0:28:46]} 35. Ke5 {[%clk 0:03:02]} Bd5
{[%clk 0:26:50]} 36. exf7+ {[%clk 0:03:18]} Bxf7 {[%clk 0:26:57]} 37. Qa6
{[%clk 0:00:52]} Qd5+ {[%clk 0:26:44]} 38. Kf6 {[%clk 0:01:15]} Qd8+
{[%clk 0:25:24]} 39. Re7 {[%clk 0:01:27]} Qd4+ {[%clk 0:25:30]} 40. Re5
{[%clk 0:01:17]} Qd8+ {[%clk 0:25:52]} 41. Re7 {[%clk 0:01:39]} Qd4+
{[%clk 0:26:16]} 42. Kg5 {[%clk 0:01:13]} Qh8 {[%clk 0:26:25]} 43. Kf6 1/2-1/2